Czy zdążysz rozwiązać te działania w 30 sekund? - Statystyki

Ogólne statystyki
  • Ten quiz został rozwiązany 160 razy
  • Średni wynik to 5 z 7
Statystyki odpowiedzi
Działanie Wynik % Poprawnych
2 x 8 x 2 = 32
84%
2 - 2 x 2 = -2
81%
3 x 2 x 1 x 0 = 0
79%
3 x 3 x 3 x 3 = 81
74%
8 x 8 x 2 = 128
71%
2 + 2 x 2 - 2 = 4
68%
6 x 6 + 74 = 110
43%
Nie znaleziono quizów pasujących do podanych kryteriów
Rozkład punktacji
Procent ludzi z każdym wynikiem
Percentyl według liczby udzielonych odpowiedzi
Twoja historia wyników
Nie rozwiązałeś tego quizu